Memoria que la Comisión Directiva presenta a sus consocios en la Asamblea de marzo de 1898 / Montepío de Montserrat, Sociedad Catalana de Socorros Mutuos
Descripción Física:
52, 20 p., [1] full plegat ; 23 cm
MARC
| LEADER | 00000nam a2200000Ia 4500 | ||
|---|---|---|---|
| 001 | 15856 | ||
| 008 | 160829s1898 xx 000 0 cat d | ||
| 080 | |a M-4-343 | ||
| 100 | |a Montepío de Montserrat, Societat Catalana de Socorros Mutuos |9 46735 | ||
| 245 | |a Memoria que la Comisión Directiva presenta a sus consocios en la Asamblea de marzo de 1898 / Montepío de Montserrat, Sociedad Catalana de Socorros Mutuos | ||
| 260 | |a Buenos Aires : |b Impr. Judicial, |c 1898 | ||
| 300 | |a 52, 20 p., [1] full plegat ; |c 23 cm | ||
| 590 | |a Inclou els estatuts i el reglament de Montepío de Monserrat. | ||
| 590 | |a Prové de 4210, exp. 3. | ||
| 590 | |a Conté un full solt amb una carta signada per Adolfo Grau. | ||
| 650 | |a Montepío de Montserrat, Societat Catalana de Socorros Mutuos |x Memòries |9 46736 | ||
| 901 | |a Arxiu | ||
| 942 | |n 1 |2 udc | ||
| 952 | |0 0 |1 0 |4 0 |6 M4343 |7 1 |9 53418 |a Arxiu |b Arxiu |d 2016-12-01 |l 0 |o M-4-343 |p 15856 |r 2016-12-01 00:00:00 |w 2016-12-01 |y ARXIU | ||
| 999 | |c 57284 |d 57284 | ||